[Event "Crema op-B 17th"]
[Site "Crema"]
[Date "2016.09.04"]
[Round "6"]
[White "Pinna, Ferdinando"]
[Black "Vargiu, Antonio"]
[Result "1-0"]
[WhiteElo "1894"]
[BlackElo "1654"]
[PlyCount "99"]
[EventDate "2016.09.02"]
[EventType "swiss"]
[EventRounds "6"]
[EventCountry "ITA"]
[SourceTitle "EXT 2018"]
[Source "ChessBase"]
[SourceDate "2017.10.13"]
[SourceVersion "1"]
[SourceVersionDate "2017.10.13"]
[SourceQuality "1"]

1. e4 e6 2. d4 d5 3. Nc3 Bb4 4. e5 c5 5. a3 Bxc3+ 6. bxc3 Ne7 7. Qg4 0-0 8. Bd3 c4 9. Bh6 Ng6 10. Bxg6 fxg6 11. Bd2 Nc6 12. h4 Qe8 13. h5 Qf7 14. f3 Ne7 15. hxg6 Qxg6 16. Qxg6 Nxg6 17. g3 Bd7 18. 0-0-0 a5 19. Kb2 b5 20. Rb1 Ne7 21. f4 Nf5 22. Ne2 Ne7 23. Rh2 Nc6 24. Rbh1 h6 25. g4 Rab8 26. g5 hxg5 27. fxg5 Kf7 28. Rh7 Rg8 29. Rf1+ Ke8 30. Nf4 Ne7 31. Nh5 Nf5 32. g6 Kd8 33. Bg5+ Kc8 34. Bf6 gxf6 35. Nxf6 Rxg6 36. Rh8+ Kc7 37. Rxb8 Kxb8 38. Nxd7+ Kc7 39. Nc5 Ne3 40. Re1 Nf5 41. Rf1 Ne3 42. Rf3 Nd1+ 43. Kc1 Rg1 44. Kd2 Nb2 45. Nxe6+ Kd7 46. Nc5+ Ke7 47. e6 Rd1+ 48. Ke2 Ra1 49. Rf7+ Ke8 50. Nb7 1-0

[Event "Crema op-B 17th"]
[Site "Crema"]
[Date "2016.09.03"]
[Round "3"]
[White "Magnani, Carlo"]
[Black "Pinna, Ferdinando"]
[Result "1-0"]
[WhiteElo "1774"]
[BlackElo "1894"]
[PlyCount "71"]
[EventDate "2016.09.02"]
[EventType "swiss"]
[EventRounds "6"]
[EventCountry "ITA"]
[SourceTitle "EXT 2018"]
[Source "ChessBase"]
[SourceDate "2017.10.13"]
[SourceVersion "1"]
[SourceVersionDate "2017.10.13"]
[SourceQuality "1"]

1. e4 e5 2. Nf3 Nc6 3. d4 exd4 4. Nxd4 Nf6 5. Nxc6 bxc6 6. Bd3 Bc5 7. 0-0 0-0 8. Bg5 Qe7 9. Nd2 d6 10. Nb3 Bb6 11. Qf3 a5 12. c3 Qe5 13. Bxf6 Qxf6 14. Qxf6 gxf6 15. Nd4 Bxd4 16. cxd4 Rb8 17. b3 Rb4 18. Bc4 Bd7 19. Rfe1 Re8 20. Rad1 Kf8 21. Kf1 d5 22. exd5 cxd5 23. Rxe8+ Kxe8 24. Bxd5 Rb5 25. Be4 Rh5 26. h3 Ke7 27. Ke2 Kd6 28. Rc1 Rh4 29. Ke3 f5 30. Bf3 f4+ 31. Kd3 Rh6 32. Rc5 a4 33. bxa4 Bxa4 34. Ra5 Bd7 35. Ra6+ c6 36. d5 1-0

[Event "Robecchetto op-A 26th"]
[Site "Robecchetto"]
[Date "2015.07.25"]
[Round "2"]
[White "Pinna, Ferdinando"]
[Black "Zito, Riccardo"]
[Result "0-1"]
[WhiteElo "1878"]
[BlackElo "1936"]
[PlyCount "68"]
[EventDate "2015.07.24"]
[EventType "swiss"]
[EventRounds "5"]
[EventCountry "ITA"]
[SourceTitle "EXT 2016"]
[Source "ChessBase"]
[SourceDate "2015.10.08"]
[SourceVersion "1"]
[SourceVersionDate "2015.10.08"]
[SourceQuality "1"]

1. e4 e6 2. d4 d5 3. Nc3 Bb4 4. e5 c5 5. a3 Ba5 6. b4 cxd4 7. Nb5 Bc7 8. f4 Nc6 9. Qg4 Kf8 10. Nf3 a5 11. Bd3 axb4 12. Ng5 h5 13. Qh3 g6 14. g4 h4 15. 0-0 Kg7 16. Nxf7 Kxf7 17. f5 exf5 18. gxf5 Nxe5 19. Qg2 h3 20. fxg6+ Kg7 21. Qf2 Be6 22. Nxd4 Qe7 23. Qe2 Nf6 24. Bg5 Raf8 25. Bf5 Bd7 26. Bxd7 Qxd7 27. Nf5+ Kxg6 28. Nh4+ Kxg5 29. Rf5+ Qxf5 30. Nxf5 Kxf5 31. Rf1+ Ke6 32. Rf4 Rhg8+ 33. Kf1 Ne4 34. Qe3 Ng4 0-1

[Event "Crema op 13th"]
[Site "Crema"]
[Date "2011.09.04"]
[Round "5"]
[White "Pinna, Ferdinando"]
[Black "Moroni, Luca Jr"]
[Result "1-0"]
[WhiteElo "1903"]
[BlackElo "1998"]
[PlyCount "61"]
[EventDate "2011.09.02"]
[EventType "swiss"]
[EventRounds "6"]
[EventCountry "ITA"]
[SourceTitle "EXT 2022"]
[Source "ChessBase"]
[SourceDate "2021.10.06"]
[SourceVersion "1"]
[SourceVersionDate "2021.10.06"]
[SourceQuality "1"]

1. e4 c5 2. Nc3 d6 3. g3 Nc6 4. Bg2 g6 5. d3 Bg7 6. f4 e6 7. Nf3 Nge7 8. Be3 0-0 9. 0-0 Rb8 10. Qd2 f5 11. Qf2 b5 12. e5 dxe5 13. Bxc5 exf4 14. gxf4 a6 15. d4 Re8 16. b4 Bf8 17. Rad1 Bb7 18. Rfe1 Qd7 19. Ng5 Nd5 20. Nxd5 exd5 21. c3 Bh6 22. h4 Bxg5 23. hxg5 Re6 24. Rxe6 Qxe6 25. Re1 Qd7 26. Qf3 Nd8 27. Re7 Qc8 28. Qh3 Nf7 29. Rxf7 Kxf7 30. Qxh7+ Ke8 31. Qe7# 1-0

[Event "Piacenza Province-ch"]
[Site "Piacenza"]
[Date "2011.04.02"]
[Round "2"]
[White "Pinna, Ferdinando"]
[Black "Tagliaferri, Valerio"]
[Result "0-1"]
[WhiteElo "1885"]
[BlackElo "1852"]
[PlyCount "52"]
[EventDate "2011.04.01"]
[EventType "swiss"]
[EventRounds "5"]
[EventCountry "ITA"]
[SourceTitle "EXT 2024"]
[Source "ChessBase"]
[SourceDate "2023.10.10"]
[SourceVersion "1"]
[SourceVersionDate "2023.10.10"]
[SourceQuality "1"]

1. e4 e6 2. d4 d5 3. Nc3 Nf6 4. e5 Nfd7 5. f4 c5 6. Nf3 Nc6 7. Be3 Qb6 8. Na4 Qa5+ 9. c3 cxd4 10. Nxd4 Nxd4 11. Bxd4 b5 12. b4 Qxa4 13. Qxa4 bxa4 14. Bb5 Bb7 15. Bxa4 Be7 16. 0-0 Kd8 17. Rfd1 Nb6 18. Bb5 Kc7 19. c4 dxc4 20. Bxb6+ Kxb6 21. Rd7 Rhe8 22. Bxc4 Bc6 23. Rd3 Red8 24. Rc3 Rd2 25. g3 Rg2+ 26. Kf1 Rxh2 0-1

[Event "Vignola Weekend-A 9th"]
[Site "Vignola"]
[Date "2010.11.13"]
[Round "2"]
[White "Gilevich, Artem"]
[Black "Pinna, Ferdinando"]
[Result "1-0"]
[WhiteElo "2231"]
[BlackElo "1887"]
[PlyCount "133"]
[EventDate "2010.11.12"]
[EventType "swiss"]
[EventRounds "5"]
[EventCountry "ITA"]
[SourceTitle "EXT 2024"]
[Source "ChessBase"]
[SourceDate "2023.10.10"]
[SourceVersion "1"]
[SourceVersionDate "2023.10.10"]
[SourceQuality "1"]

1. Nf3 Nf6 2. d4 d5 3. c4 e6 4. Nc3 c5 5. cxd5 exd5 6. g3 Nc6 7. Bg2 Be7 8. 0-0 0-0 9. dxc5 Bxc5 10. Na4 Be7 11. Be3 Bf5 12. Rc1 Rc8 13. a3 Ne4 14. Nd4 Nxd4 15. Bxd4 Rxc1 16. Qxc1 Qa5 17. Nc3 Nxc3 18. Bxc3 Qb5 19. Qe3 Be6 20. Qxa7 Bc5 21. Qa5 Qxa5 22. Bxa5 Bd4 23. Bb4 Rc8 24. Rd1 Bxb2 25. Bxd5 Bxd5 26. Rxd5 h6 27. Rd7 Ra8 28. Rd3 b5 29. Kg2 Re8 30. Kf3 Re6 31. Rb3 Bd4 32. e3 Ba7 33. Bc3 Ra6 34. Bb2 Bc5 35. Rxb5 Bxa3 36. Bd4 Bd6 37. Rd5 f6 38. Rb5 Kf7 39. Rb7+ Kg6 40. h4 h5 41. Ke4 Ra2 42. Kd5 Be5 43. f4 Bxd4 44. exd4 Ra3 45. Ke4 f5+ 46. Ke5 Re3+ 47. Kd6 Kf6 48. Rb8 Re6+ 49. Kd5 Re3 50. Rf8+ Kg6 51. Kc6 Rxg3 52. d5 Rc3+ 53. Kb5 Rd3 54. Kc5 Rc3+ 55. Kd4 Rc1 56. d6 Rd1+ 57. Ke5 Re1+ 58. Kd5 Rd1+ 59. Kc6 Rc1+ 60. Kb7 Rb1+ 61. Kc8 Rc1+ 62. Kd8 Rd1 63. d7 Re1 64. Kc8 Rc1+ 65. Kb7 Rb1+ 66. Kc6 Rc1+ 67. Kb5 1-0

[Event "Crema op 11th"]
[Site "Crema"]
[Date "2009.09.06"]
[Round "6"]
[White "Mussap, Angelo"]
[Black "Pinna, Ferdinando"]
[Result "1-0"]
[WhiteElo "2045"]
[BlackElo "1818"]
[PlyCount "27"]
[EventDate "2009.09.04"]
[EventType "swiss"]
[EventRounds "6"]
[EventCountry "ITA"]
[SourceTitle "EXT 2011"]
[Source "ChessBase"]
[SourceDate "2010.11.26"]
[SourceVersion "1"]
[SourceVersionDate "2010.11.26"]
[SourceQuality "1"]

1. e4 c5 2. Nc3 Nc6 3. f4 d6 4. Nf3 g6 5. d4 cxd4 6. Nxd4 Bg7 7. Bb5 Bd7 8. Be3 Nf6 9. Qd2 0-0 10. 0-0-0 a6 11. Be2 b5 12. Bf3 Rc8 13. e5 dxe5 14. Nxc6 1-0